000 01234nam a22003497a 4500
003 CHAP
005 20220817044116.0
008 060614d2005 mx r 00110 spa d
010 _a92402
011 _a93374
020 _a970701671X
035 _a103946
040 _cCHAP
082 0 4 _a331.11
_bS9
100 1 _aSzékely, Miguel
_ecoord.
_9111185
245 1 0 _aDesmitificación y nuevos ritos sobre la pobreza
_b"escuchando lo que dicen los pobres"
_c/coord. por Miguel Székely
260 _aMéxico, D. F. :
_bSecretaría de Desarrollo Social,
_c2005.
300 _a487 p.
590 _aBATCH-UPD
_b10
_c20130110
_lUCH01
_h0523
590 _aBATCH-UPD
_b10
_c20130410
_lUCH01
_h0202
590 _aBATCH-UPD
_b10
_c20130914
_lUCH01
_h1824
590 _aCONVERSION
_b10
_c20130109
_lUCH01
_h1351
650 1 4 _aMéxico
_xCondiciones económicas.
650 1 4 _aMéxico
_xCondiciones sociales.
_976730
650 1 4 _aPobreza.
_989463
901 _aBK
905 _aLilia
942 _cLIBRO
949 _a331.11 S9
_bBC
_cLIBRO
_d33724000990123
_eLIBRO
_fc.2
_h108062
_i103946
_sb
949 _a331.11 S9
_bBC
_cLIBRO
_d33724000990180
_eLIBRO
_h108061
_i103946
_si
949 _a331.11 S9
_bBC
_cLIBRO
_d33724002023272
_eLIBRO
_fc.3
_h108519
_i103946
_sb
999 _c92402
_d92402